00948nam a22002057a 4500008004100000020002200041082001400063100002200077245009300099260002700192300003100219500007400250505018700324650002700511700002900538700003700567942001200604952010900616999001700725121215t xxu||||| |||| 00| 0 eng d a978-84-8174-832-1 2611 D789g 9Drake, Richard L. aGray : anatomía para estudiantes / Richard L. Drake ; Wayne Vogl ; Adam W.M. Mitchell aMadridbElsevierc2007 axxv, 1058p. ilus. col. aTraducción de: Anatomy for students. Incluye: índice analítico. aContenido: Anatomías y técnicas de imagen.- La región dorsal del tronco.- Tórax.- Abdomen.- Pelvis y periné.- Extremidad inferior.- Extremidad superior.- Cabeza y cuello.-  a1. ANATOMÍA HUMANA . aI. Vogl, Wayne ; coaut.  aII. Mitchell, Adam W.M. ; coaut. 2ddccLB 00102lcc4070a01b01d2012-12-15l14o611 D789gp01 013304r2025-11-19s2025-11-19t1w2012-12-15yLB c88859d88859